000 00719nam a2200289Ia 4500
005 20260324125915.0
008 008 260324s9999 xx 000 0 eng d
020 _a9780203932780
037 _aEBOOK
040 _aCRL
040 _beng
040 _cCRL
041 _2eng
041 _aeng
084 _qCRL
100 _aDaphne Gutteridge; Vivien Smith
_91177163
245 0 _aUsing Circle Time for PHSE and Citizenship
245 2 _bA Year’s Plan for Key Stage 2 Teachers
260 _bTaylor and Francis
260 _c2008
365 _a
365 _b165
856 _uhttp://www.taylorfrancis.com/books/9780203932780
942 _cEBOOK
999 _c1775447
_d1775447